000 01471nam a2200265Ia 4500
999 _c53889
_d53889
001 20940
003 GE_BSU
005 20210628170406.0
008 181216s2016||||ge |||||||||||||| ||geo||
020 _a9789941252723(ორივე ნაწილის) 9789941252778(მეორე ნაწილის)
040 _cGE_BSU
041 _ageo
080 _a1(075.8) რ-21
100 _aრამიშვილი, ვალერიან
_91173
245 _aXX საუკუნის ფილოსოფია :
_b2 ნაწილი /
_cვალერიან რამიშვილი ; რედ. რევაზ ბალანჩივაძე.
264 _aთბილისი :
_bმერიდიანი,
_c2016.
300 _a293 გვ. ;
_c23 სმ.
500 _aწიგნი განკუთვნილია სტუდენტების, მაგისტრანტების, დოქტორანტებისა და ყველა მკითხველთათვის, ვინც დაინტერესებულია ფილოსოფიით
504 _aბიბლიოგრაფია გვ. : 289-293
541 _h15ლ.
653 _aXX საუკუნის ფილოსოფია
653 _aფილოსოფია
700 _aბალანჩივაძე, რევაზ
_eრედაქტორი
_912144
942 _cBK
_2udc